| 000 | 00940cam a22002294a 4500 | ||
|---|---|---|---|
| 005 | 20250605164248.0 | ||
| 008 | 250528s ||||||||||||||||||||||||d | ||
| 035 | _a21594 | ||
| 020 | _a9789603948322 | ||
| 040 |
_aGR-AtMCL _bgre _dGR-AtMCL _eAACR2 |
||
| 245 | 1 | _aΑΣΚΗΣΗ ΚΑΙ ΥΓΕΙΑ | |
| 250 | _a6 | ||
| 260 |
_bΕκδόσεις Παρισιάνου, _c2011 |
||
| 300 | _a493 | ||
| 505 | 0 | _aΣΩΜΑΤΙΚΗ ΔΡΑΣΤΗΡΙΟΤΗΤΑ ΑΕΡΟΒΙΚΗ ΑΣΚΗΣΗ ΜΥΕΣ ΕΛΕΓΧΟΣ ΒΑΡΟΥΣ ΕΛΕΓΧΟΣ ΑΣΚΗΣΗΣ ΑΠΟΔΟΣΗ ΜΑΚΡΟΖΩΙΑ ΨΥΧΟΛΟΓΙΑ | |
| 520 | _aΣΩΜΑΤΙΚΗ ΔΡΑΣΤΗΡΙΟΤΗΤΑ ΑΕΡΟΒΙΚΗ ΑΣΚΗΣΗ ΜΥΕΣ ΕΛΕΓΧΟΣ ΒΑΡΟΥΣ ΕΛΕΓΧΟΣ ΑΣΚΗΣΗΣ ΑΠΟΔΟΣΗ ΜΑΚΡΟΖΩΙΑ ΨΥΧΟΛΟΓΙΑ | ||
| 700 | 1 |
_aGaskill Steven E _93886 |
|
| 700 | 1 |
_aSharkey Brian J _93887 |
|
| 942 | _cBK | ||
| 999 |
_c6655 _d6655 |
||